| 000 | 01148cam a2200133 4500500 | ||
|---|---|---|---|
| 005 | 20251214002642.0 | ||
| 041 | _afre | ||
| 042 | _adc | ||
| 100 | 1 | 0 |
_aFoglia, Aurélie _eauthor |
| 245 | 0 | 0 | _aHistoire littéraire du XIXe siècle |
| 260 |
_bArmand Colin,
_c2014. |
||
| 520 | _aRésumer sans caricatures l’histoire de la littérature du XIXe siècle, dégager des lignes de force, historiques et théoriques, tels sont les objectifs de cet ouvrage de synthèse qui embrasse un siècle riche et protéiforme. Si l’auteur nous en offre une vision synthétique, c’est pour mieux suivre l’évolution des formes, et l’interaction entre Histoire et littérature. Ce volume n’a pas de vocation polémique, même s’il pointe, à l’occasion, des querelles et des débats cruciaux : il se veut bien davantage l’exposition des évolutions qui marquent en littérature l’émergence de la modernité. Une initiation donc indispensable aux problématiques principales de la littérature au XIXe siècle. | ||
| 856 | 4 | 1 | _uhttps://shs.cairn.info/histoire-litteraire-du-xixe-siecle--9782200291259?lang=fr&redirect-ssocas=7080 |
| 999 |
_c1567285 _d1567285 |
||